Ftc Terryfying+ Chomiks - Statistics

General Stats
  • This quiz has been taken 156 times
  • The average score is 34 of 58
Answer Stats
Hint Answer % Correct
Hardest one Everything
86%
GOD God
85%
Scary Maze Billy
84%
Its Boshy Time I Wanna Be The Chomik
84%
Pictured as ______ Pictured as Chomik
83%
SIX INFINITY STONES THANOS
83%
I forgor Forgor
81%
How My Dementia Effects Me Dementia
79%
Wanna play a little game? Jigsaw
78%
OMEGA OMEGA Secret
77%
h Realmik
77%
... Black Hole
72%
Mega Mega Secret
72%
Eggs Egg Hunt
71%
We do a little bit of trolling Troll Secret
71%
Filler Heaven Chomik Archangel
70%
THECHOMDESTROYER Memory Keeper
69%
Invisible
67%
The Entire Map Mapmik
67%
31 Step Puzzle NotHcom
67%
Always Watching The Watching
67%
School and math Desmos
66%
On a Building Window Building
65%
The Wiki Chomnipedia
65%
Shattered Shattered Reality
65%
Chess and Cats Bonnet
64%
Bad Tower Scorionik 3
64%
I dont feel so good Thanos Snapped
64%
Revamp Buttons Chomikbrine
63%
NFTs Non-Fungible
63%
Wisp Wisp
63%
Very Big Chomnipotence
60%
THE POWER Devil
60%
Burgchin Developer
59%
Purple Buttons in the red and blue area Split Matter
59%
Tomb Raider Pharaoh
58%
Thy Archaic Hamster Runestone
58%
The Void Voided
56%
Vermillion Bloodmoon
55%
Hidden in Ao Analog Horror
52%
Hexagons are the bestagons Hex
51%
Galactic Alphabet Milky Way
50%
Buttons Chomikception
49%
"The Final Code" Internet
47%
The Cultist one Devoted
45%
Infected code Broken Code
44%
Chomik with No Chomik in his name Apocalypse of Shady Gray
43%
Spy Kids 4 Chombux
42%
X Pushers Interstellar
42%
Really Long Name Chomik of E
41%
Glowy Glyphic Legend
37%
Lean Venomous Emperor
37%
Executable File Chomik.exe
35%
The stars Intergalactik
31%
BALEFUL ONE Malevolent Demonik
30%
Tags Rainbow Cartoony
21%
778th Chomik Dimensional Expansion
19%
Look For Numbers in Celestial _____ Empyrean Reignment
16%
No matching quizzes found
Score Distribution
Percent of People with Each Score
Percentile by Number Answered
Your Score History
You have not taken this quiz